000 00279nam a22001217a 4500
008 170928b xxu||||| |||| 00| 0 eng d
041 _aeng
080 _a37
100 _a46
101 _aEDU
245 _aDIAGNOSING CLASSROOM LEARNES ENVIRONMENT
_cFOX.R
942 _2udc
_cBK
999 _c30473
_d30473